000 00907cam a2200217 4500
001 WB3827-13
008 020724n2002 000 0 eng u
035 _a(Sirsi) u119031
245 _aEuropean land information service planned
260 _c2002
490 _aGEO:connexion
_v1(5) May 2002, 12(1)
520 _aCountries with computerised national land registries have begun a programme of co-operation with a project called European Land Information Service (EULIS). It hopes to encourage European housing and real estate markets to become more international and lead to lower housing costs. More information can be found at http://www.eulis.org
590 _aWB
650 _aLAND REGISTERS
650 _aMANAGEMENT-BUSINESS MANAGEMENT-INFORMATION MANAGEMENT
650 _aELECTRONIC LAND REGISTRATION
650 _aEUROPEAN UNION
650 _aEUROPE
690 _aPROPERTY
942 _n0
999 _c70807
_d70807